[Event "Hastings Masters op 94th"]
[Site "Hastings"]
[Date "2019.01.06"]
[Round "10"]
[White "Larsen, Andreas"]
[Black "Faulks, Nick"]
[Result "0-1"]
[WhiteElo "1933"]
[BlackElo "1917"]
[PlyCount "76"]
[EventDate "2018.12.28"]
[EventType "swiss"]
[EventRounds "10"]
[EventCountry "ENG"]
[SourceTitle "CBM 188 Extra"]
[Source "ChessBase"]
[SourceDate "2019.02.26"]
[SourceVersion "1"]
[SourceVersionDate "2019.02.26"]
[SourceQuality "1"]

1. g4 d5 2. Bg2 Bxg4 3. c4 c6 4. cxd5 cxd5 5. Qb3 Qc8 6. Nc3 Nc6 7. Nxd5 Nf6 8. d4 Nxd4 9. Qa4+ Nc6 10. Bd2 Nxd5 11. Bxd5 Bd7 12. Rc1 e6 13. Bg2 Qd8 14. Nf3 Rc8 15. Bc3 b5 16. Qxb5 Nb4 17. Qh5 g6 18. Qe5 f6 19. Qd4 Nxa2 20. Rd1 Nxc3 21. bxc3 Bc5 22. Qe4 Qe7 23. Qb7 e5 24. 0-0 Be6 25. Qb5+ Kf7 26. Rd2 Rhd8 27. Rfd1 Rxd2 28. Rxd2 Bb6 29. h4 Rxc3 30. Rd1 Qc5 31. Rd7+ Bxd7 32. Qxd7+ Qe7 33. Qd5+ Qe6 34. Qd2 Qc8 35. Qh6 Kg8 36. Ng5 fxg5 37. Bd5+ Kh8 38. Qxg5 Bxf2+ 0-1

[Event "Hastings Masters op 94th"]
[Site "Hastings"]
[Date "2018.12.30"]
[Round "3"]
[White "Larsen, Andreas"]
[Black "Wilson, Matthew R"]
[Result "1-0"]
[WhiteElo "1933"]
[BlackElo "1822"]
[PlyCount "83"]
[EventDate "2018.12.28"]
[EventType "swiss"]
[EventRounds "10"]
[EventCountry "ENG"]
[SourceTitle "CBM 188 Extra"]
[Source "ChessBase"]
[SourceDate "2019.02.26"]
[SourceVersion "1"]
[SourceVersionDate "2019.02.26"]
[SourceQuality "1"]

1. e4 c5 2. a3 g6 3. c4 Nc6 4. g3 Bg7 5. Bg2 e6 6. Nc3 Nge7 7. Nge2 0-0 8. 0-0 d6 9. Rb1 Bd7 10. b4 cxb4 11. axb4 a6 12. d3 Nd4 13. Nxd4 Bxd4 14. Ne2 Bg7 15. Bb2 e5 16. Bc1 Bg4 17. h3 Bxe2 18. Qxe2 Nc6 19. Be3 a5 20. bxa5 Qxa5 21. Rb5 Qc3 22. Rfb1 Ra3 23. Rxb7 Qxd3 24. Qxd3 Rxd3 25. Rc7 Nb8 26. Rcb7 Nc6 27. Bf1 Rc3 28. Rd7 Nd4 29. Rbb7 Nc2 30. Bd2 Ra3 31. Rxd6 Nd4 32. Kg2 Raa8 33. Rdd7 Rab8 34. Rxf7 Rxb7 35. Rxb7 Rf7 36. Rb6 Rd7 37. c5 Rc7 38. Bc4+ Kf8 39. Bd5 Ke8 40. c6 h6 41. Bc4 Bf8 42. Rb8+ 1-0

[Event "Hastings Masters op 93rd"]
[Site "Hastings"]
[Date "2018.01.05"]
[Round "9"]
[White "Graham, David Bruce"]
[Black "Larsen, Andreas"]
[Result "1-0"]
[WhiteElo "2204"]
[BlackElo "1953"]
[PlyCount "133"]
[EventDate "2017.12.28"]
[EventType "swiss"]
[EventRounds "9"]
[EventCountry "ENG"]
[SourceTitle "CBM 182 Extra"]
[Source "ChessBase"]
[SourceDate "2018.02.23"]
[SourceVersion "1"]
[SourceVersionDate "2018.02.23"]
[SourceQuality "1"]

1. e4 c6 2. d4 d5 3. e5 Bf5 4. Nf3 e6 5. Be2 Nd7 6. 0-0 Qc7 7. Re1 Be7 8. Nbd2 f6 9. Nb3 fxe5 10. dxe5 Nh6 11. Nbd4 0-0-0 12. Bd3 Bg4 13. h3 Bxf3 14. Qxf3 Nxe5 15. Qe2 Nxd3 16. cxd3 Bb4 17. Nxe6 Qd7 18. Bf4 g5 19. Bxg5 Nf7 20. Bxd8 Nxd8 21. Nxd8 Bxe1 22. Rxe1 Qxd8 23. Qg4+ Kc7 24. Qf4+ Kc8 25. Qf5+ Kc7 26. Qe5+ Kb6 27. Qd4+ Kc7 28. Qxa7 Re8 29. Qa5+ b6 30. Qa7+ Kd6 31. Rxe8 Qxe8 32. Qxb6 Qe2 33. Qd4 c5 34. Qf6+ Kc7 35. Qf5 Qxb2 36. Qxh7+ Kc6 37. Qg6+ Kc7 38. h4 Qc1+ 39. Kh2 c4 40. dxc4 dxc4 41. h5 Qf4+ 42. Qg3 Qxg3+ 43. Kxg3 c3 44. h6 c2 45. h7 c1Q 46. h8Q Qg5+ 47. Kf3 Qd5+ 48. Ke3 Qg5+ 49. Kd3 Qxg2 50. Qe5+ Kd8 51. Qd4+ Kc7 52. a4 Qh3+ 53. Kc2 Qf5+ 54. Kb2 Qe6 55. f4 Qe2+ 56. Ka3 Qf1 57. Qc5+ Kd8 58. f5 Qa1+ 59. Kb4 Qb2+ 60. Ka5 Qd2+ 61. Kb6 Qb2+ 62. Kc6 Ke8 63. a5 Qf6+ 64. Kb7 Qf7+ 65. Ka8 Qb3 66. Qc6+ Kf8 67. Qf6+ 1-0

[Event "Hastings Masters op 92nd"]
[Site "Hastings"]
[Date "2016.12.28"]
[Round "1"]
[White "Larsen, Andreas"]
[Black "Anderson, John"]
[Result "1/2-1/2"]
[WhiteElo "1976"]
[BlackElo "2156"]
[PlyCount "162"]
[EventDate "2016.12.28"]
[EventType "swiss"]
[EventRounds "9"]
[EventCountry "ENG"]
[SourceTitle "CBM 176 Extra"]
[Source "ChessBase"]
[SourceDate "2017.03.02"]
[SourceVersion "1"]
[SourceVersionDate "2017.03.02"]
[SourceQuality "1"]

1. e4 e5 2. f4 exf4 3. Nf3 g5 4. Bc4 Bg7 5. 0-0 d6 6. d4 Nc6 7. c3 h6 8. Qb3 Qd7 9. Qc2 Nge7 10. Na3 0-0 11. Qf2 Kh8 12. h4 g4 13. Ne1 f3 14. gxf3 gxf3 15. Qxf3 f5 16. Qh5 Ng8 17. Ng2 Nf6 18. Qxf5 Qe8 19. Qf2 Nxe4 20. Qe2 Rxf1+ 21. Qxf1 Qg6 22. Qf7 Qxf7 23. Bxf7 Bd7 24. Be3 Rf8 25. Rf1 Ng3 26. Rf3 Nf5 27. Bh5 Nxe3 28. Rxe3 Nxd4 29. Re7 Bc6 30. Rxg7 Kxg7 31. cxd4 Bxg2 32. Kxg2 Rf4 33. Nc2 Rxh4 34. Bf3 Rf4 35. Bxb7 Kf6 36. a4 a5 37. Bc6 Ke6 38. Kg3 Rf1 39. b4 axb4 40. Nxb4 Rb1 41. Nd5 Rc1 42. Nxc7+ Kf5 43. d5 Ra1 44. Ne6 Ke4 45. Nd8 Ra3+ 46. Kg4 Ra1 47. Nf7 Rg1+ 48. Kh5 Rh1+ 49. Kg6 h5 50. Nxd6+ Kd4 51. Nf5+ Kc5 52. Kg5 h4 53. Nxh4 Ra1 54. Nf5 Rxa4 55. Bxa4 Kxd5 56. Kf4 Ke6 57. Bc2 Kd5 58. Ne3+ Kd4 59. Be4 Kc3 60. Ke5 Kb4 61. Kd4 Kb3 62. Nc4 Ka2 63. Kc3 Ka1 64. Nd2 Ka2 65. Bg6 Ka1 66. Nb3+ Ka2 67. Bf5 Ka3 68. Bb1 Ka4 69. Nd4 Ka5 70. Ne6 Ka4 71. Be4 Ka3 72. Bd5 Ka4 73. Nc7 Ka5 74. Kc4 Kb6 75. Ne6 Ka5 76. Kc5 Ka4 77. Nf4 Ka3 78. Nd3 Ka4 79. Kc4 Ka3 80. Kc3 Ka4 81. Ne5 Ka3 1/2-1/2

[Event "Hastings Masters op 91st"]
[Site "Hastings"]
[Date "2016.01.01"]
[Round "5"]
[White "Rayner, Francis"]
[Black "Larsen, Andreas"]
[Result "1-0"]
[WhiteElo "2106"]
[BlackElo "1998"]
[PlyCount "113"]
[EventDate "2015.12.28"]
[EventType "swiss"]
[EventRounds "9"]
[EventCountry "ENG"]
[SourceTitle "CBM 170 Extra"]
[Source "ChessBase"]
[SourceDate "2016.02.25"]
[SourceVersion "1"]
[SourceVersionDate "2016.02.25"]
[SourceQuality "1"]

1. e4 c6 2. d4 d5 3. Nc3 dxe4 4. Nxe4 Nf6 5. Nxf6+ exf6 6. c3 Bd6 7. Bd3 Qc7 8. Ne2 Bg4 9. Qc2 Nd7 10. Be3 Nb6 11. c4 c5 12. d5 Bxe2 13. Qxe2 0-0-0 14. Qg4+ Kb8 15. Qxg7 Be5 16. Qg4 Bxb2 17. Rb1 Bc3+ 18. Kf1 h5 19. Qf5 Rde8 20. h4 Ka8 21. Rh3 Rhg8 22. Qxh5 Qd7 23. Bxc5 Re5 24. Qf3 Rge8 25. Be3 Qa4 26. Kg1 Qxa2 27. d6 Bb2 28. Qe2 Nxc4 29. Qc2 Nxe3 30. fxe3 Qd5 31. Rxb2 Qxd6 32. Qb3 b6 33. Bb5 Rc8 34. h5 Rcc5 35. Be2 Rc1+ 36. Kf2 Rf5+ 37. Bf3+ Kb8 38. Qxf7 Rxf3+ 39. Rxf3 Qd1 40. Qg8+ Kb7 41. Qf7+ Kb8 42. Qe8+ Kb7 43. Qe4+ Kb8 44. Kg3 Rc5 45. Rf5 Qe1+ 46. Rbf2 Rc3 47. R5f3 Rc5 48. Rxf6 Rg5+ 49. Kh4 Rc5 50. Rf8+ Kc7 51. Qe7+ Kc6 52. Rc8+ Kb5 53. Rxc5+ bxc5 54. Qb7+ Kc4 55. Qa6+ Kb4 56. Qe2 Qh1+ 57. Kg3 1-0

[Event "Hastings Masters op 91st"]
[Site "Hastings"]
[Date "2015.12.30"]
[Round "3"]
[White "Lyell, Mark"]
[Black "Larsen, Andreas"]
[Result "1-0"]
[WhiteElo "2228"]
[BlackElo "1998"]
[PlyCount "73"]
[EventDate "2015.12.28"]
[EventType "swiss"]
[EventRounds "9"]
[EventCountry "ENG"]
[SourceTitle "CBM 170 Extra"]
[Source "ChessBase"]
[SourceDate "2016.02.25"]
[SourceVersion "1"]
[SourceVersionDate "2016.02.25"]
[SourceQuality "1"]

1. e4 c6 2. d4 d5 3. exd5 cxd5 4. c4 Nf6 5. Nc3 Nc6 6. Bg5 e6 7. c5 Be7 8. Bb5 Nd7 9. Bxe7 Nxe7 10. Nf3 0-0 11. 0-0 Nf5 12. Re1 Qf6 13. Qa4 Rd8 14. Rad1 a6 15. Qa5 b6 16. cxb6 Nxb6 17. Qxb6 axb5 18. Qxb5 Ba6 19. Qb3 h5 20. Qc2 Rdc8 21. Ne5 Qh4 22. Qd2 Rab8 23. b3 Rc7 24. Na4 Rbc8 25. Nc5 Bb5 26. a4 Be8 27. b4 Bxa4 28. Nf3 Qe7 29. Nxa4 Rc2 30. Qg5 Qxb4 31. Nc5 Qb2 32. Nd3 Qc3 33. Qxh5 Nxd4 34. Ng5 Rc7 35. h3 g6 36. Qh7+ Kf8 37. Nf4 1-0

[Event "Hastings Masters op 91st"]
[Site "Hastings"]
[Date "2015.12.29"]
[Round "2"]
[White "Larsen, Andreas"]
[Black "Wadsworth, Matthew J"]
[Result "0-1"]
[WhiteElo "1998"]
[BlackElo "2273"]
[PlyCount "42"]
[EventDate "2015.12.28"]
[EventType "swiss"]
[EventRounds "9"]
[EventCountry "ENG"]
[SourceTitle "CBM 170 Extra"]
[Source "ChessBase"]
[SourceDate "2016.02.25"]
[SourceVersion "1"]
[SourceVersionDate "2016.02.25"]
[SourceQuality "1"]

1. d4 d5 2. Nf3 Nf6 3. e3 c5 4. c3 Qc7 5. Bd3 Nbd7 6. Nbd2 g6 7. Qe2 Bg7 8. e4 dxe4 9. Nxe4 0-0 10. 0-0 Nxe4 11. Qxe4 cxd4 12. cxd4 Nf6 13. Qh4 b6 14. Bh6 Bxh6 15. Qxh6 Bb7 16. Rac1 Qd6 17. Ng5 Qxd4 18. Rc4 Qxd3 19. Rf4 Ba6 20. Ra1 Rfd8 21. h3 Rd5 0-1

[Event "Hastings Masters op 90th"]
[Site "Hastings"]
[Date "2015.01.02"]
[Round "5"]
[White "Larsen, Andreas"]
[Black "Brewer, Callum D"]
[Result "1-0"]
[WhiteElo "2010"]
[BlackElo "1793"]
[PlyCount "63"]
[EventDate "2014.12.29"]
[EventType "swiss"]
[EventRounds "9"]
[EventCountry "ENG"]
[SourceTitle "CBM 164 Extra"]
[Source "ChessBase"]
[SourceDate "2015.03.02"]
[SourceVersion "1"]
[SourceVersionDate "2015.03.02"]
[SourceQuality "1"]

1. e4 c6 2. d4 d5 3. e5 Bf5 4. h4 h5 5. Bg5 Qb6 6. Bd3 Bxd3 7. Qxd3 e6 8. Ne2 Nd7 9. Nd2 c5 10. c3 Be7 11. 0-0 Bxg5 12. hxg5 Ne7 13. Nf4 g6 14. c4 Qc6 15. Rac1 Rc8 16. b4 b6 17. b5 Qb7 18. cxd5 Nxd5 19. Qf3 0-0 20. Ne4 Qa8 21. Nd6 Nxf4 22. Qxf4 Rcd8 23. Rfd1 cxd4 24. Rxd4 Nc5 25. Rc3 Nb7 26. Rc7 Nxd6 27. exd6 Rc8 28. Qf6 Qb8 29. Rdc4 Rxc7 30. dxc7 Qc8 31. Qe7 Re8 32. Qxe8+ 1-0

[Event "Hastings Masters op 90th"]
[Site "Hastings"]
[Date "2015.01.01"]
[Round "4"]
[White "Kyrkjebo, Hannah Bakken"]
[Black "Larsen, Andreas"]
[Result "1/2-1/2"]
[WhiteElo "1831"]
[BlackElo "2010"]
[PlyCount "33"]
[EventDate "2014.12.29"]
[EventType "swiss"]
[EventRounds "9"]
[EventCountry "ENG"]
[SourceTitle "CBM 164 Extra"]
[Source "ChessBase"]
[SourceDate "2015.03.02"]
[SourceVersion "1"]
[SourceVersionDate "2015.03.02"]
[SourceQuality "1"]

1. e4 c6 2. d4 d5 3. Nc3 dxe4 4. Nxe4 Nf6 5. Nxf6+ gxf6 6. c3 Bf5 7. Nf3 e6 8. g3 Qd5 9. Bg2 Qc4 10. Nh4 Bg6 11. Nxg6 hxg6 12. Qb3 Qa6 13. Bf1 Qb6 14. Qxb6 axb6 15. Bf4 Nd7 16. Bd3 Bh6 17. Bxh6 1/2-1/2

[Event "Hastings Masters op 90th"]
[Site "Hastings"]
[Date "2014.12.31"]
[Round "3"]
[White "Larsen, Andreas"]
[Black "Kirk, Ezra"]
[Result "0-1"]
[WhiteElo "2010"]
[BlackElo "2308"]
[PlyCount "56"]
[EventDate "2014.12.29"]
[EventType "swiss"]
[EventRounds "9"]
[EventCountry "ENG"]
[SourceTitle "CBM 164 Extra"]
[Source "ChessBase"]
[SourceDate "2015.03.02"]
[SourceVersion "1"]
[SourceVersionDate "2015.03.02"]
[SourceQuality "1"]

1. d4 Nf6 2. Nf3 g6 3. e3 Bg7 4. Bd3 0-0 5. e4 d6 6. h3 e5 7. dxe5 dxe5 8. 0-0 Nbd7 9. Be3 c6 10. Nbd2 Qc7 11. Nh4 Re8 12. Qe2 Nh5 13. g3 Nf4 14. gxf4 exf4 15. Rab1 fxe3 16. Qxe3 b5 17. Ng2 Qb6 18. Qg3 Bb7 19. Kh1 c5 20. c4 Ne5 21. f4 Nxd3 22. Qxd3 Rad8 23. Qc2 bxc4 24. e5 Qe6 25. Nxc4 Qxh3+ 26. Kg1 Rd4 27. Nce3 Be4 28. Qxc5 Rd2 0-1

[Event "Narvik Rallarsjakken A"]
[Site "Narvik"]
[Date "2014.04.04"]
[Round "2"]
[White "Larsen, Andreas"]
[Black "Schjelderup, Nils Jakob"]
[Result "1-0"]
[WhiteElo "2004"]
[BlackElo "1871"]
[PlyCount "45"]
[EventDate "2014.04.04"]
[EventType "swiss"]
[EventRounds "5"]
[EventCountry "NOR"]
[SourceTitle "EXT 2024"]
[Source "ChessBase"]
[SourceDate "2023.10.10"]
[SourceVersion "1"]
[SourceVersionDate "2023.10.10"]
[SourceQuality "1"]

1. e4 c5 2. Nf3 d6 3. d4 cxd4 4. Qxd4 Nf6 5. e5 Qa5+ 6. Bd2 dxe5 7. Qc4 Qd8 8. Nxe5 e6 9. Nc3 a6 10. 0-0-0 Nbd7 11. Ng4 Be7 12. Bd3 0-0 13. Rhe1 b5 14. Nxf6+ Nxf6 15. Qh4 Bd7 16. Bg5 h6 17. Bxh6 Nd5 18. Qg3 Bf6 19. Ne4 Bd4 20. c3 Rc8 21. Kb1 Nxc3+ 22. bxc3 Bf6 23. Bc2 1-0

[Event "Narvik Rallarsjakken A"]
[Site "Narvik"]
[Date "2012.04.20"]
[Round "4"]
[White "Kristensen, Kjell Ole"]
[Black "Larsen, Andreas"]
[Result "1-0"]
[WhiteElo "2133"]
[BlackElo "1992"]
[PlyCount "101"]
[EventDate "2012.04.20"]
[EventType "swiss"]
[EventRounds "5"]
[EventCountry "NOR"]
[SourceTitle "EXT 2024"]
[Source "ChessBase"]
[SourceDate "2023.10.10"]
[SourceVersion "1"]
[SourceVersionDate "2023.10.10"]
[SourceQuality "1"]

1. e4 d5 2. exd5 Nf6 3. d4 Qxd5 4. Nc3 Qa5 5. Nf3 Bg4 6. Be2 e6 7. 0-0 c6 8. h3 Bh5 9. Ng5 h6 10. Nge4 Nbd7 11. Bf4 Qf5 12. Nd6+ Bxd6 13. Bxd6 Bxe2 14. Qxe2 Nb6 15. Rad1 Rd8 16. Ba3 g5 17. Qe5 Qxe5 18. dxe5 Nfd5 19. Ne4 Nc4 20. Bd6 f5 21. Nc5 Nxd6 22. exd6 Kf7 23. Rfe1 b6 24. Nd3 b5 25. Ne5+ Kf6 26. b3 f4 27. Nxc6 Rxd6 28. Nxa7 Ra6 29. Nxb5 Rxa2 30. c4 Rb8 31. cxd5 Rxb5 32. dxe6 Ra7 33. Rd7 Rxd7 34. exd7 Rd5 35. b4 Rxd7 36. b5 Rb7 37. Rb1 Ke5 38. Kf1 Ke4 39. Ke2 h5 40. b6 g4 41. Rb4+ Ke5 42. h4 Kd5 43. Kd3 Kc5 44. Rxf4 Rd7+ 45. Ke4 Kxb6 46. Rf5 g3 47. fxg3 Rd2 48. Rxh5 Rxg2 49. Kf4 Kc6 50. Re5 Kd6 51. Re3 1-0

[Event "Harstad op"]
[Site "Harstad"]
[Date "2011.10.07"]
[Round "4"]
[White "Torgersen, Markus"]
[Black "Larsen, Andreas"]
[Result "0-1"]
[WhiteElo "1729"]
[BlackElo "1980"]
[PlyCount "56"]
[EventDate "2011.10.05"]
[EventType "swiss"]
[EventRounds "6"]
[EventCountry "NOR"]
[SourceTitle "EXT 2012"]
[Source "ChessBase"]
[SourceDate "2011.11.24"]
[SourceVersion "1"]
[SourceVersionDate "2011.11.24"]
[SourceQuality "1"]

1. e4 e5 2. Nf3 f5 3. Nc3 fxe4 4. Nxe4 d5 5. Nc3 e4 6. Ne5 Nf6 7. d4 Bb4 8. Bg5 0-0 9. h4 h6 10. Be3 Nc6 11. Ng6 Rf7 12. Qd2 Bf5 13. h5 Ng4 14. Bb5 Nxe3 15. Qxe3 Qf6 16. Bxc6 bxc6 17. Ne5 Re7 18. 0-0-0 Rxe5 19. dxe5 Qxe5 20. f4 Qe7 21. Rdf1 Bc5 22. Qe2 Qe6 23. Rh4 d4 24. Nd1 Qxa2 25. g4 Qa1+ 26. Kd2 e3+ 27. Ke1 d3 28. Qg2 e2 0-1

[Event "NOR-chT Nord"]
[Site "Tromsoe"]
[Date "2011.02.22"]
[Round "2"]
[White "Cengija, Vanja"]
[Black "Larsen, Andreas"]
[Result "1/2-1/2"]
[WhiteElo "2240"]
[BlackElo "1987"]
[PlyCount "94"]
[EventDate "2011.02.22"]
[EventType "team-tourn"]
[EventRounds "5"]
[EventCountry "NOR"]
[SourceTitle "EXT 2015"]
[Source "ChessBase"]
[SourceDate "2014.11.20"]
[SourceVersion "1"]
[SourceVersionDate "2014.11.20"]
[SourceQuality "1"]

1. d4 Nf6 2. c4 e5 3. dxe5 Ne4 4. Nf3 Nc6 5. Nbd2 Bb4 6. g3 Qe7 7. Bg2 Nxe5 8. 0-0 Nxd2 9. Nxd2 0-0 10. Qc2 a5 11. Ne4 f5 12. Bg5 Qe8 13. Nc3 Bxc3 14. Qxc3 Ra6 15. Bf4 d6 16. Rfe1 Ng6 17. Bd5+ Kh8 18. Bd2 f4 19. Bf3 Bd7 20. Bxb7 Rb6 21. Bd5 Bc6 22. Qxa5 fxg3 23. hxg3 Bxd5 24. Qxd5 Rxb2 25. Qd4 Qf7 26. Bc3 Rc2 27. Qe3 Qxc4 28. Rac1 Qxa2 29. Qd4 Ne5 30. Rxc2 Qxc2 31. f4 Qg6 32. Kg2 c5 33. Qd5 Ng4 34. e4 h6 35. f5 Qh5 36. Qxd6 Ra8 37. Ra1 Ne3+ 38. Kg1 Rxa1+ 39. Bxa1 Qg5 40. f6 Nc4 41. fxg7+ Kh7 42. Qb8 Qe3+ 43. Kh2 Qe2+ 44. Kh1 Qxe4+ 45. Kh2 Qe2+ 46. Kg1 Qe1+ 47. Kh2 Qe2+ 1/2-1/2

[Event "NOR-chT Nord"]
[Site "Tromsoe"]
[Date "2010.02.26"]
[Round "4"]
[White "Larsen, Andreas"]
[Black "Royset, Pal"]
[Result "1-0"]
[WhiteElo "1965"]
[BlackElo "2279"]
[PlyCount "120"]
[EventDate "2010.02.26"]
[EventType "team-tourn"]
[EventRounds "5"]
[EventCountry "NOR"]
[SourceTitle "EXT 2012"]
[Source "ChessBase"]
[SourceDate "2011.11.24"]
[SourceVersion "1"]
[SourceVersionDate "2011.11.24"]
[SourceQuality "1"]

1. e4 c5 2. c4 Nc6 3. Nc3 g6 4. g3 a6 5. a3 Bg7 6. Bg2 b5 7. cxb5 axb5 8. Nge2 b4 9. Nd5 e6 10. Ndf4 Nge7 11. 0-0 0-0 12. Qc2 Qb6 13. d3 d6 14. Bd2 bxa3 15. Rxa3 Rb8 16. Rb1 e5 17. Nh3 h6 18. Kh1 Be6 19. Nhg1 f5 20. Nf3 g5 21. exf5 Nxf5 22. Bxg5 hxg5 23. Nxg5 Nb4 24. Qd1 Bd5 25. Be4 Qc6 26. Nc3 Bxe4+ 27. dxe4 c4 28. Qh5 Nh6 29. Qg6 Rf7 30. Qh7+ Kf8 31. Ne6+ Ke7 32. Nxg7 d5 33. Ra7+ Kf8 34. Rxf7+ Nxf7 35. Nf5 Qf6 36. exd5 Ng5 37. Qc7 Na6 38. Qd6+ Qxd6 39. Nxd6 Rb4 40. h4 Nf3 41. Kg2 Nd2 42. Re1 Rxb2 43. Rxe5 Nc5 44. Nce4 Ndxe4 45. Nxe4 Nd3 46. Rf5+ Ke7 47. d6+ Ke6 48. Rf6+ Ke5 49. d7 Rb8 50. f3 c3 51. Rc6 c2 52. Nf2 Nxf2 53. Kxf2 Rd8 54. Rxc2 Rxd7 55. Re2+ Kf6 56. g4 Ra7 57. f4 Ra3 58. Re3 Ra1 59. h5 Rb1 60. Kf3 Ra1 1-0

[Event "Politiken Cup 31st"]
[Site "Helsingor"]
[Date "2009.07.19"]
[Round "2"]
[White "Hess, Christian"]
[Black "Larsen, Andreas"]
[Result "1-0"]
[WhiteElo "2257"]
[BlackElo "1968"]
[PlyCount "51"]
[EventDate "2009.07.18"]
[EventType "swiss"]
[EventRounds "10"]
[EventCountry "DEN"]
[SourceTitle "CBM 131 Extra"]
[Source "ChessBase"]
[SourceDate "2009.09.03"]
[SourceVersion "2"]
[SourceVersionDate "2009.09.16"]
[SourceQuality "1"]

1. Nf3 c5 2. c3 Nc6 3. d4 cxd4 4. cxd4 d5 5. Nc3 Nf6 6. Bf4 e6 7. e3 Bd6 8. Bd3 Bxf4 9. exf4 Qd6 10. g3 a6 11. 0-0 0-0 12. Rc1 b5 13. Qe2 Bb7 14. Rfd1 Rae8 15. Bb1 Re7 16. Ne5 g6 17. Nxb5 axb5 18. Nxc6 Bxc6 19. Qe5 Ne8 20. Qxd6 Nxd6 21. Rxc6 Rd8 22. Rdc1 Ra7 23. b3 Ra5 24. R1c5 Kg7 25. Rb6 Nf5 26. Bxf5 1-0

[Event "Rallar op-A"]
[Site "Narvik"]
[Date "2007.04.21"]
[Round "4"]
[White "Larsen, Andreas"]
[Black "Nordli, Anders Samuelsen"]
[Result "1/2-1/2"]
[WhiteElo "1791"]
[BlackElo "1379"]
[PlyCount "93"]
[EventDate "2007.04.20"]
[EventType "swiss"]
[EventRounds "5"]
[EventCountry "NOR"]
[SourceTitle "EXT 2008"]
[Source "ChessBase"]
[SourceDate "2007.11.25"]
[SourceVersion "1"]
[SourceVersionDate "2007.11.25"]
[SourceQuality "1"]

1. e4 e5 2. Nf3 Nc6 3. Nc3 Nf6 4. Nxe5 Nxe5 5. d4 Bb4 6. dxe5 Nxe4 7. Qd4 Bxc3+ 8. bxc3 Ng5 9. Ba3 b6 10. Bd3 Bb7 11. f4 Bxg2 12. 0-0-0 Bxh1 13. Rxh1 Ne6 14. Qf2 d6 15. exd6 cxd6 16. f5 Nc5 17. Bb5+ Kf8 18. Re1 Qg5+ 19. Kb1 a6 20. Bc6 Rc8 21. Qe2 Qd8 22. f6 gxf6 23. Bc1 Ne6 24. Bh6+ Ke7 25. Bd5 Qd7 26. Qf2 Qb5+ 27. Bb3 Rhg8 28. Qf3 Rg6 29. Bf4 Qc5 30. Bg3 Qc6 31. Qf5 Qd7 32. Rd1 Rc6 33. Qh5 h6 34. Bxe6 Qxe6 35. Re1 Qxe1+ 36. Bxe1 Rg1 37. Qe2+ Kd7 38. Kb2 Rc5 39. c4 Re5 40. Qf2 Rgxe1 41. Qxf6 Re7 42. Qxh6 f5 43. Qh3 Rf7 44. Qf3 f4 45. Qb7+ Ke8 46. Qc8+ Ke7 47. Qc7+ 1/2-1/2

[Event "NOR-chT lag"]
[Site "Tromsoe"]
[Date "2007.03.10"]
[Round "3"]
[White "Larsen, Andreas"]
[Black "Forsaa, Espen"]
[Result "0-1"]
[WhiteElo "1791"]
[BlackElo "2256"]
[PlyCount "102"]
[EventDate "2007.03.09"]
[EventType "team-swiss"]
[EventRounds "5"]
[EventCountry "NOR"]
[SourceTitle "EXT 2010"]
[Source "ChessBase"]
[SourceDate "2010.11.25"]
[SourceVersion "1"]
[SourceVersionDate "2010.11.25"]
[SourceQuality "1"]

1. b4 d5 2. Bb2 Qd6 3. Nf3 Qxb4 4. Qc1 Nf6 5. e3 c6 6. a4 Qa5 7. c4 e6 8. Be2 Nbd7 9. 0-0 Bd6 10. Nd4 0-0 11. f4 Re8 12. Nc3 Nc5 13. Qe1 Nce4 14. d3 Nxc3 15. Bxc3 Qd8 16. Nf3 Bc5 17. d4 Bf8 18. Bb4 dxc4 19. Bxf8 Rxf8 20. Bxc4 Bd7 21. Rb1 Rb8 22. Bd3 g6 23. Ne5 Kg7 24. Rb2 Ng8 25. Qb1 b6 26. Rc1 Ne7 27. Rf1 f6 28. Nf3 c5 29. Bb5 Bxb5 30. axb5 Nf5 31. dxc5 bxc5 32. Rd1 Qe7 33. e4 Nd4 34. Nxd4 cxd4 35. Kh1 e5 36. Qa2 Rfc8 37. h3 Rc5 38. fxe5 fxe5 39. Rf1 Rcxb5 40. Rbf2 R8b7 41. Rf7+ Qxf7 42. Rxf7+ Rxf7 43. Qc4 Rfb7 44. h4 h5 45. g4 Rb1+ 46. Kg2 R1b2+ 47. Kg1 Rd2 48. Qc1 Re2 49. gxh5 d3 50. Qa1 Kh6 51. Qf1 Rb1 0-1

[Event "Narvik CC-ch"]
[Site "Narvik"]
[Date "2006.09.28"]
[Round "3"]
[White "Kristensen, Kjell Ole"]
[Black "Larsen, Andreas"]
[Result "1-0"]
[WhiteElo "1964"]
[BlackElo "1716"]
[PlyCount "83"]
[EventDate "2006.09.07"]
[EventType "swiss"]
[EventRounds "7"]
[EventCountry "NOR"]
[SourceTitle "EXT 2008"]
[Source "ChessBase"]
[SourceDate "2007.11.25"]
[SourceVersion "1"]
[SourceVersionDate "2007.11.25"]
[SourceQuality "1"]

1. e4 d5 2. e5 c5 3. f4 Nc6 4. Nf3 Bg4 5. Be2 a6 6. 0-0 b5 7. d3 e6 8. c3 Nge7 9. Be3 Nf5 10. Bf2 Bxf3 11. Bxf3 g5 12. g4 Nfe7 13. fxg5 Ng6 14. h4 Ngxe5 15. d4 Nxf3+ 16. Qxf3 Qd7 17. dxc5 Be7 18. Nd2 0-0 19. Rae1 f6 20. Qe2 e5 21. gxf6 Bxf6 22. Bg3 Bg7 23. Rxf8+ Rxf8 24. Rf1 Rxf1+ 25. Nxf1 d4 26. Qe4 b4 27. cxb4 Nxb4 28. Nd2 Qd5 29. a3 Qxe4 30. Nxe4 Nc6 31. b4 h6 32. Nd6 Kf8 33. Kf2 Bh8 34. Kf3 Ke7 35. Ke4 Ke6 36. Be1 Nb8 37. Bd2 Nd7 38. g5 hxg5 39. hxg5 a5 40. Nc4 axb4 41. axb4 Bg7 42. c6 1-0

[Event "Narvik CC-ch"]
[Site "Narvik"]
[Date "2006.09.07"]
[Round "1"]
[White "Larsen, Andreas"]
[Black "Wollan, Joakim"]
[Result "1-0"]
[WhiteElo "1716"]
[BlackElo "1071"]
[PlyCount "107"]
[EventDate "2006.09.07"]
[EventType "swiss"]
[EventRounds "7"]
[EventCountry "NOR"]
[SourceTitle "EXT 2008"]
[Source "ChessBase"]
[SourceDate "2007.11.25"]
[SourceVersion "1"]
[SourceVersionDate "2007.11.25"]
[SourceQuality "1"]

1. d4 d5 2. Nf3 Nf6 3. e3 e6 4. Bd3 Be7 5. 0-0 0-0 6. Nbd2 c5 7. c3 b6 8. Qe2 c4 9. Bc2 b5 10. e4 dxe4 11. Nxe4 Bb7 12. Nxf6+ Bxf6 13. Re1 Qd6 14. Ne5 Nd7 15. Nxd7 Qxd7 16. Bf4 Rfe8 17. Be5 Qe7 18. Bxf6 Qxf6 19. Qe5 Qxe5 20. Rxe5 a6 21. Rae1 Red8 22. f4 g6 23. Kf2 Rd5 24. g4 Rad8 25. Kg3 h6 26. f5 gxf5 27. gxf5 Rxe5 28. Rxe5 Bd5 29. f6 Kf8 30. Rh5 Ke8 31. Rxh6 Kd7 32. Rh7 Rf8 33. h4 Kd6 34. Kf4 a5 35. h5 Bc6 36. h6 Be8 37. Rg7 Rh8 38. h7 e5+ 39. dxe5+ Kd5 40. Rg8 b4 41. Rxh8 a4 42. Rxe8 a3 43. bxa3 b3 44. axb3 cxb3 45. Bxb3+ Kc5 46. h8Q Kc6 47. Qf8 Kb6 48. Qxf7 Kc5 49. Qc4+ Kb6 50. f7 Kb7 51. f8Q Kb6 52. Rc8 Ka7 53. e6 Kb6 54. e7 1-0